| Tag |
First Indicator |
Second Indicator |
Subfields |
| LEADER |
00000cam a2200000 4500 |
| 001 |
in00000986972 |
| 005 |
20150927160237.0 |
| 008 |
750505s1972 oncab b 00000 eng d |
| 035 |
|
|
|a (OCoLC)01311537
|
| 035 |
|
|
|9 AEY4318AM
|
| 040 |
|
|
|a NYG
|c NYG
|d m/c
|d TXA
|d UtOrBLW
|
| 049 |
1 |
|
|a TXA2
|
| 090 |
|
|
|a GB1229
|b .A252 no. 22
|
| 092 |
|
|
|a 551.5271
|b G652, 73-916
|
| 100 |
1 |
|
|a Goodison, Barry Edward,
|d 1946-
|
| 245 |
1 |
4 |
|a The distribution of global radiation over Peyto Glacier, Alberta.
|
| 264 |
|
1 |
|a Ottawa :
|b Inland Waters Directorate, Water Resources Branch,
|c 1972.
|
| 300 |
|
|
|a v, 22 pages :
|b illustrations, maps. ;
|c 28 cm.
|
| 336 |
|
|
|a text
|b txt
|2 rdacontent
|
| 337 |
|
|
|a unmediated
|b n
|2 rdamedia
|
| 338 |
|
|
|a volume
|b nc
|2 rdacarrier
|
| 490 |
1 |
|
|a Inland Waters Directorate. Scientific series,
|v no. 22
|
| 504 |
|
|
|a Includes bibliographical references.
|
| 650 |
|
0 |
|a Solar radiation
|z Alberta.
|
| 650 |
|
0 |
|a Glaciers
|z Alberta.
|
| 650 |
|
0 |
|a Ablation (Aerothermodynamics)
|
| 830 |
|
0 |
|a Scientific series (Canada. Inland Waters Directorate) ;
|v no. 22.
|
| 999 |
|
|
|a MARS
|
| 999 |
f |
f |
|s bff4f198-f9bf-3abb-af14-bd10d9255760
|i 9066ce61-fc22-308c-a313-724c913a0a90
|t 0
|
| 952 |
f |
f |
|p ric
|a Texas A&M University
|b Rellis Campus
|c Joint Library Facility
|d Remote Storage
|t 0
|e GB1229 .A252 no.22
|h Library of Congress classification
|i unmediated -- volume
|m A14810805970
|
| 998 |
f |
f |
|a GB1229 .A252 no.22
|t 0
|l Remote Storage
|